Υλοποίηση περιβαλλοντικών προγραμμάτων στην πρωτοβάθμια εκπαίδευση : μελέτες περίπτωσης

Αποθηκεύτηκε σε:
Λεπτομέρειες βιβλιογραφικής εγγραφής
Άλλοι συγγραφείς: Μανωλάς, Ευάγγελος Ι., 1961- (Επιμελητής έκδοσης)
Μορφή: Βιβλίο
Γλώσσα:Greek
Δημοσίευση: [Νέα Ορεστιάδα] : Τμήμα Δασολογίας και Διαχείρισης Περιβάλλοντος και Φυσικών Πόρων. Σχολή Επιστημών Γεωπονίας και Δασολογίας. Δημοκρίτειο Πανεπιστήμιο Θράκης, c2023.
Θέματα:
Ετικέτες: Προσθήκη ετικέτας
Δεν υπάρχουν, Καταχωρήστε ετικέτα πρώτοι!

MARC

LEADER 00000nam a2200000 a 4500
001 1/127049
008 230718s2023####gr | ||| |||| ||gre||
020 |a 9789609698221 
040 |a GR-MyUa  |b gre  |c GR-MyUa  |e AACR2 
041 0 |a gre 
082 7 |a 372.357   |2 (23) 
245 0 0 |a Υλοποίηση περιβαλλοντικών προγραμμάτων στην πρωτοβάθμια εκπαίδευση :   |b μελέτες περίπτωσης /   |c επμέλεια: Ευάγγελος Μανωλάς. 
260 |a [Νέα Ορεστιάδα] :   |b Τμήμα Δασολογίας και Διαχείρισης Περιβάλλοντος και Φυσικών Πόρων. Σχολή Επιστημών Γεωπονίας και Δασολογίας. Δημοκρίτειο Πανεπιστήμιο Θράκης,   |c c2023. 
300 |a 256 σ. :   |b εικ. ;   |c 30 εκ.  
504 |a Περιλαμβάνει βιβλιογραφικές παραπομπές. 
650 0 |a Environmental education  |x Study and teaching (Elementary)  |x Activity programs. 
650 0 |a Environmental education  |x Study and teaching  |z Greece. 
650 0 |a Human ecology  |x Study and teaching (Elementary) 
650 0 |a Human ecology  |x Study and teaching  |z Greece. 
700 1 |a Μανωλάς, Ευάγγελος Ι.,   |d 1961-  |e edt 
852 |a INST  |b RHODES  |e 20230718  |h 372.357 ΥΛΟ  |p 005400043709  |q 005400043709  |t BK  |y 0 
970 |z 18-07-2023